Najpopularniejsze języki w Europie - Statystyki

Ogólne statystyki
  • Ten quiz został rozwiązany 108 razy
  • Średni wynik to 14 z 15
Statystyki odpowiedzi
Ilość osób (mln) Z której części Europy pochodzi? Język % Poprawnych
ok. 46 mln osób Południowo-Zachodniej Hiszpański
100%
ok. 97 mln osób Centralnej Niemiecki
100%
ok. 160 mln osób Wschodniej Rosyjski
100%
ok. 65 mln osób Południowej Włoski
100%
ok. 72 mln osób Północno-Zachodniej Angielski
99%
ok. 77 mln osób Centralno-Zachodniej Francuski
98%
ok. 45 mln osób Centralno-Wschodniej Polski
98%
ok. 40 mln osób Wschodniej Ukraiński
98%
ok. 10 mln osób Centralnej Czeski
97%
ok. 9 mln osób Południowo-Zachodniej Portugalski
93%
ok. 13 mln osób Południowej Grecki
90%
ok. 10 mln osób Północnej Szwedzki
90%
ok. 9,5 mln osób Centralnej Węgierski
83%
ok. 24 mln osób Centralno-Zachodniej Niderlandzki
82%
ok. 70 mln osób Południowo-Wschodniej Turecki
80%
Nie znaleziono quizów pasujących do podanych kryteriów
Rozkład punktacji
Procent ludzi z każdym wynikiem
Percentyl według liczby udzielonych odpowiedzi
Twoja historia wyników
Nie rozwiązałeś tego quizu